Anak labi-labi jelmaan
| Main Author: | |
|---|---|
| Format: | Book |
| Published: |
Klang :
Pustaka Mawar ,
1996
|
| Series: | Siri cerita rakyat saujana
|
| Subjects: |
MARC
| LEADER | 00000cam a2200000 7i4500 | ||
|---|---|---|---|
| 001 | 0000007068 | ||
| 002 | 000007606 | ||
| 005 | 20000330.0 | ||
| 020 | |a 9838751499 | ||
| 090 | 0 | 0 | |a JF |b BAD |
| 100 | 0 | |a Badrul Risham Naruddin | |
| 245 | 1 | 0 | |a Anak labi-labi jelmaan |c Badrul Risham Naruddin |
| 260 | |a Klang : |b Pustaka Mawar , |c 1996 | ||
| 300 | |a 84p. : |b ill. ; |c 21cm. | ||
| 490 | 0 | |a Siri cerita rakyat saujana | |
| 650 | 0 | 0 | |a Children's stories |
| 999 | |a 053411 |b BUKU |c PINJAMAN |e PERPUSTAKAAN KOMUNITI PETALING JAYA | ||